Teoría de la literatura de los formalistas rusos / (Record no. 56157)

MARC details
000 -CABECERA
campo de control de longitud fija 00835nam a2200229 a 4500
005 - FECHA Y HORA DE LA ÚLTIMA TRANSACCIÓN
campo de control 20231020064001.0
008 - ELEMENTOS DE LONGITUD FIJA--INFORMACIÓN GENERAL
campo de control de longitud fija 991125m19701978mx 000 0 spa u
020 ## - NÚMERO INTERNACIONAL NORMALIZADO PARA LIBROS
Número Internacional Estándar del Libro 9682302455
035 ## - NÚMERO DE CONTROL DEL SISTEMA
Número de control de sistema UPN01000056157
049 ## - COLECCIÓN
Colección CG
050 #4 - SIGNATURA TOPOGRÁFICA DE LA BIBLIOTECA DEL CONGRESO
Número de clasificación PG2942
Número de documento/Ítem T4.48
245 00 - MENCIÓN DE TÍTULO
Título Teoría de la literatura de los formalistas rusos /
Mención de responsabilidad, etc. por Jakobson ... [et al.] ; antología preparada y presentada por Tzvetan Todorov ; tr. Ana María Nethal.
260 ## - PUBLICACIÓN, DISTRIBUCIÓN, ETC.
Lugar de publicación, distribución, etc. México :
Nombre del editor, distribuidor, etc. Siglo XXI,
Fecha de publicación, distribución, etc. 1970 (1978 impr.).
300 ## - DESCRIPCIÓN FÍSICA
Extensión 235 p.
440 #0 - MENCIÓN DE SERIE/ASIENTO SECUNDARIO--TÍTULO
Título Crítica literaria
534 ## - NOTA SOBRE LA VERSIÓN ORIGINAL
Frase introductoria Traducción de:
Mención de título del original Théorie de la literature
650 #4 - ASIENTO SECUNDARIO DE MATERIA - TERMINO TEMATICO
Término de materia o nombre geográfico como elemento de entrada LITERATURA RUSA -
Subdivisión general HISTORIA Y CRITICA
9 (RLIN) 19433
650 #4 - ASIENTO SECUNDARIO DE MATERIA - TERMINO TEMATICO
Término de materia o nombre geográfico como elemento de entrada Literatura rusa
Subdivisión cronológica Siglo XX
9 (RLIN) 19434
700 1# - ASIENTO SECUNDARIO--NOMBRE DE PERSONAL
Nombre de persona Jakobson, Roman,
Fechas asociadas al nombre 1896-1982
Término indicativo de función/relación coaut.
9 (RLIN) 41239
700 1# - ASIENTO SECUNDARIO--NOMBRE DE PERSONAL
Nombre de persona Todorov, Tzvetan,
Fechas asociadas al nombre 1939-
Término indicativo de función/relación comp.
905 ## - TIPO DE MATERIAL
Tipo de material Libro
Holdings
Estado de retiro Estado de pérdida Fuente del sistema de clasificación o colocación Estado dañado No para préstamo Código de colección Localización permanente Ubicación/localización actual Ubicación en estantería Total de préstamos Clasificación Código de barras Fecha visto por última vez Número de copia Tipo de ítem Koha
    Library of Congress Classification     Colección General Bib. Gregorio Torres Quintero Bib. Gregorio Torres Quintero Planta baja 3 PG2942 T4.48 5024 31/12/2020 1 Libro
    Library of Congress Classification     Colección General Bib. Gregorio Torres Quintero Bib. Gregorio Torres Quintero Planta baja 4 PG2942 T4.48 5023 31/12/2020 1 Libro